00763nam a2200205Ia 450000500170000000800410001702000150005804000560007304100080012910000220013724501490015926000510030830000180035949000310037750400410040865000290044965000240047865000260050270000290052820211111075644.0130821s2000 sp gr spa  a8477746087 aCo-BoUCMbspacSandra Palacio (modificó)d[Nuevo]00aspa1 aStarobinski, Jean10aRemedio en el mal cJean Starobinski ; traducción de José Luis Aránteguibcrítica y legitimación del artificio en la era de las luces aMadrid (España)bLa Balsa de la Medusac2000 a325 páginas0 aLa Balsa de la Medusav108 aIncluye referencias bibliográficas17aÉtica en la literatura27aLiteratura francesa27aMito en la literatura1 aArántegui, José Luis